[Event "Albena op-A"]
[Site "Albena"]
[Date "2016.06.24"]
[Round "7"]
[White "Bochev, Krasimir"]
[Black "Kirjakov, Toma"]
[Result "1-0"]
[WhiteElo "2133"]
[BlackElo "2299"]
[PlyCount "75"]
[EventDate "2016.06.18"]
[EventType "swiss"]
[EventRounds "9"]
[EventCountry "BUL"]
[SourceTitle "CBM 173 Extra"]
[Source "ChessBase"]
[SourceDate "2016.08.29"]
[SourceVersion "1"]
[SourceVersionDate "2016.08.29"]
[SourceQuality "1"]

1. Nf3 c5 2. g3 b6 3. Bg2 Bb7 4. c4 Nf6 5. 0-0 e6 6. Nc3 Be7 7. d4 cxd4 8. Qxd4 0-0 9. Rd1 a6 10. b3 Nc6 11. Qf4 Rc8 12. e4 Ne8 13. Bb2 Qc7 14. Qxc7 Rxc7 15. Rd2 Bc8 16. Rad1 f6 17. Na4 Rb7 18. Nd4 b5 19. cxb5 axb5 20. Nc3 Nxd4 21. Rxd4 Ra7 22. Bf1 Nc7 23. R4d2 b4 24. Na4 d5 25. Bd4 Rb7 26. Rc2 dxe4 27. Rdc1 Bd6 28. Rc6 Rd8 29. Nb6 e5 30. Nxc8 Rxc8 31. Bb6 Rxb6 32. Rxb6 Rd8 33. Rxd6 Rxd6 34. Rxc7 Rd2 35. Bc4+ Kf8 36. Rf7+ Ke8 37. Rxg7 f5 38. Rg5 1-0

[Event "Albena op-A"]
[Site "Albena"]
[Date "2016.06.23"]
[Round "6"]
[White "Kirjakov, Toma"]
[Black "Piskur, Mitja"]
[Result "0-1"]
[WhiteElo "2299"]
[BlackElo "2259"]
[PlyCount "66"]
[EventDate "2016.06.18"]
[EventType "swiss"]
[EventRounds "9"]
[EventCountry "BUL"]
[SourceTitle "CBM 173 Extra"]
[Source "ChessBase"]
[SourceDate "2016.08.29"]
[SourceVersion "1"]
[SourceVersionDate "2016.08.29"]
[SourceQuality "1"]

1. e4 d5 2. Nc3 dxe4 3. Nxe4 Qd5 4. Ng3 Nc6 5. Nf3 e5 6. b3 Bg4 7. Bc4 Qd7 8. h3 Be6 9. 0-0 0-0-0 10. Bb2 f6 11. Qe2 Bxc4 12. Qxc4 Qd5 13. Qa4 Bc5 14. Rad1 Nge7 15. d4 Nxd4 16. Nxd4 exd4 17. Rfe1 Nc6 18. a3 Qf7 19. Nf5 Rd5 20. Qc4 Ne5 21. Qe2 Rhd8 22. Qe4 g6 23. Nxd4 Qd7 24. c3 f5 25. Qh4 Bxd4 26. cxd4 Nc6 27. Re3 Nxd4 28. Rxd4 Rxd4 29. Bxd4 Qxd4 30. Qxh7 Qf6 31. Rg3 g5 32. Qh5 g4 33. Qh7 Rh8 0-1

[Event "Albena op-A"]
[Site "Albena"]
[Date "2016.06.20"]
[Round "3"]
[White "Dimitrov, Radoslav"]
[Black "Kirjakov, Toma"]
[Result "1-0"]
[WhiteElo "2500"]
[BlackElo "2299"]
[PlyCount "116"]
[EventDate "2016.06.18"]
[EventType "swiss"]
[EventRounds "9"]
[EventCountry "BUL"]
[SourceTitle "CBM 173 Extra"]
[Source "ChessBase"]
[SourceDate "2016.08.29"]
[SourceVersion "1"]
[SourceVersionDate "2016.08.29"]
[SourceQuality "1"]

1. c4 c5 2. Nf3 e6 3. Nc3 Nf6 4. e3 g6 5. d4 Bg7 6. dxc5 Qa5 7. Bd2 Qxc5 8. b4 Qe7 9. Nb5 Na6 10. Bc3 0-0 11. a3 d5 12. cxd5 Nxd5 13. Bxg7 Kxg7 14. e4 Nf4 15. Qd4+ e5 16. Nxe5 Rd8 17. Qc3 f6 18. g3 Nh5 19. Nf3 Qxe4+ 20. Qe3 Re8 21. Nd6 Qxe3+ 22. fxe3 Rxe3+ 23. Kf2 Re7 24. Bxa6 bxa6 25. Rhe1 Kf8 26. Nd4 Bd7 27. Rxe7 Kxe7 28. Nb7 Ng7 29. Re1+ Kf8 30. Nc5 Rd8 31. Rd1 Ke8 32. Nxa6 Bc8 33. Nc5 Ne6 34. Ncxe6 Bxe6 35. Re1 Rxd4 36. Rxe6+ Kf7 37. Ra6 Rd7 38. Ke3 h5 39. a4 g5 40. b5 Kg6 41. Ke4 Re7+ 42. Kd5 Kf5 43. a5 Re5+ 44. Kc6 Re6+ 45. Kb7 Re5 46. b6 axb6 47. axb6 Kg4 48. Kc6 Kh3 49. b7 Re8 50. Ra8 Re6+ 51. Kc5 Re5+ 52. Kd4 Rb5 53. b8Q Rxb8 54. Rxb8 Kxh2 55. Rb3 h4 56. gxh4 gxh4 57. Ke4 Kg2 58. Kf4 h3 1-0

[Event "Albena op-A"]
[Site "Albena"]
[Date "2016.06.19"]
[Round "2"]
[White "Kirjakov, Toma"]
[Black "Ozerov, Ilja"]
[Result "1-0"]
[WhiteElo "2299"]
[BlackElo "2185"]
[PlyCount "109"]
[EventDate "2016.06.18"]
[EventType "swiss"]
[EventRounds "9"]
[EventCountry "BUL"]
[SourceTitle "CBM 173 Extra"]
[Source "ChessBase"]
[SourceDate "2016.08.29"]
[SourceVersion "1"]
[SourceVersionDate "2016.08.29"]
[SourceQuality "1"]

1. e4 d5 2. exd5 Nf6 3. d4 Bg4 4. Bb5+ c6 5. dxc6 Nxc6 6. Qd3 Qd5 7. Nf3 Bxf3 8. gxf3 0-0-0 9. c3 e5 10. dxe5 Nxe5 11. Qxd5 Rxd5 12. Be2 Nd3+ 13. Bxd3 Rxd3 14. Be3 a6 15. Nd2 Rd5 16. 0-0-0 Rf5 17. Rhg1 Rg8 18. Rg5 Rxg5 19. Bxg5 Bd6 20. Ne4 Bxh2 21. Rh1 Be5 22. Bxf6 gxf6 23. Rxh7 f5 24. Nc5 Bd6 25. Nd3 Rf8 26. Rh5 f4 27. Rf5 Kd7 28. Nxf4 Bxf4+ 29. Rxf4 f5 30. Kd2 Ke6 31. Rb4 Rf7 32. Ke3 Ke5 33. Rb6 f4+ 34. Kd3 Rd7+ 35. Kc2 Rh7 36. Kd3 Rd7+ 37. Ke2 Kf5 38. Rb4 Ke5 39. Re4+ Kf5 40. Rd4 Re7+ 41. Kd2 Rh7 42. c4 Rh2 43. Ke2 Rh7 44. b4 Re7+ 45. Kd2 Rh7 46. c5 Ke5 47. Re4+ Kf5 48. a4 Rd7+ 49. Kc2 Rh7 50. b5 axb5 51. axb5 Rc7 52. Rc4 Ke5 53. c6 Kd6 54. Kd3 b6 55. Rxf4 1-0

[Event "BUL-chT 64th"]
[Site "Sunny Beach"]
[Date "2015.06.04"]
[Round "5.4"]
[White "Kirjakov, Toma"]
[Black "Badev, Kiril"]
[Result "1/2-1/2"]
[WhiteElo "2277"]
[BlackElo "2359"]
[PlyCount "63"]
[EventDate "2015.05.31"]
[EventType "team-tourn"]
[EventRounds "7"]
[EventCountry "BUL"]
[SourceTitle "CBM 166 Extra"]
[Source "ChessBase"]
[SourceDate "2015.06.18"]
[SourceVersion "1"]
[SourceVersionDate "2015.06.18"]
[SourceQuality "1"]
[WhiteTeam "Dobrich Energiya 21"]
[BlackTeam "Radnevo Maritsa Iztok"]
[WhiteTeamCountry "BUL"]
[BlackTeamCountry "BUL"]

1. e4 e6 2. d4 d5 3. exd5 exd5 4. Nf3 Bd6 5. Be2 Nf6 6. Bg5 h6 7. Bh4 c6 8. 0-0 0-0 9. Re1 Bf5 10. Nbd2 Nbd7 11. c3 Qb6 12. Qb3 Qxb3 13. axb3 Rfe8 14. Bf1 Rxe1 15. Rxe1 Re8 16. Rxe8+ Nxe8 17. Bg3 Bxg3 18. hxg3 f6 19. Ne1 Kf7 20. f3 h5 21. Bd3 Nd6 22. Kf2 Bxd3 23. Nxd3 Nf5 24. Nf4 g6 25. Nf1 Nf8 26. Ne3 Nxe3 27. Kxe3 Ne6 28. Nd3 Ke7 29. Nf4 Kf7 30. Nd3 Ke7 31. Nf4 Kf7 32. Nd3 1/2-1/2

[Event "Albena Masters op"]
[Site "Albena"]
[Date "2014.06.09"]
[Round "9"]
[White "Kirjakov, Toma"]
[Black "Galinsky, Timofey"]
[Result "1-0"]
[WhiteElo "2216"]
[BlackElo "2427"]
[PlyCount "61"]
[EventDate "2014.06.01"]
[EventType "swiss"]
[EventRounds "9"]
[EventCountry "BUL"]
[SourceTitle "CBM 160 Extra"]
[Source "ChessBase"]
[SourceDate "2014.07.01"]
[SourceVersion "1"]
[SourceVersionDate "2014.07.01"]
[SourceQuality "1"]

1. e4 e6 2. d4 d5 3. Nc3 Nf6 4. Bg5 dxe4 5. Nxe4 Be7 6. Nxf6+ Bxf6 7. Bxf6 Qxf6 8. Nf3 0-0 9. Bd3 Rd8 10. Qe2 c5 11. Qe4 g6 12. Qe5 Qxe5+ 13. dxe5 Bd7 14. 0-0 Bc6 15. Nd2 Nd7 16. f4 Kf8 17. Nc4 b6 18. Rad1 Ke7 19. b3 f5 20. exf6+ Kxf6 21. Rde1 Nf8 22. Re3 Rd4 23. c3 Rdd8 24. Rfe1 Bd5 25. Ne5 a5 26. Bb5 Rd6 27. g4 h6 28. g5+ hxg5 29. fxg5+ Kg7 30. Rd3 Rad8 31. Red1 1-0

[Event "Albena Masters op"]
[Site "Albena"]
[Date "2014.06.04"]
[Round "4"]
[White "Georgescu, Tiberiu Marian"]
[Black "Kirjakov, Toma"]
[Result "0-1"]
[WhiteElo "2493"]
[BlackElo "2216"]
[PlyCount "184"]
[EventDate "2014.06.01"]
[EventType "swiss"]
[EventRounds "9"]
[EventCountry "BUL"]
[SourceTitle "CBM 160 Extra"]
[Source "ChessBase"]
[SourceDate "2014.07.01"]
[SourceVersion "1"]
[SourceVersionDate "2014.07.01"]
[SourceQuality "1"]

1. d4 Nf6 2. c4 e6 3. Nf3 Bb4+ 4. Nbd2 0-0 5. a3 Bxd2+ 6. Qxd2 a5 7. b3 d6 8. Bb2 Qe7 9. g3 b6 10. Bg2 Bb7 11. 0-0 Nbd7 12. d5 Nc5 13. Nd4 e5 14. Nf5 Qd8 15. Qc2 g6 16. Nh4 Qe7 17. f4 Ng4 18. Qc3 f6 19. h3 Nh6 20. Rae1 g5 21. fxg5 fxg5 22. Bc1 Qg7 23. b4 axb4 24. axb4 gxh4 25. bxc5 bxc5 26. g4 Nf7 27. Rf5 Nh8 28. Rh5 Qf7 29. Rf1 Qe7 30. Rff5 Rxf5 31. gxf5 Nf7 32. Kh2 Qf6 33. Qb3 Bc8 34. Qf3 Bd7 35. Bd2 Ra4 36. Qg4+ Qg7 37. Qxh4 Ra2 38. Bh6 Nxh6 39. Qd8+ Qf8 40. Qxd7 Nf7 41. f6 Kh8 42. Rh4 Rxe2 43. Rg4 Nh6 44. Rg3 Rf2 45. Rg7 Qxf6 46. Rxh7+ Kg8 47. Re7 Qf4+ 48. Kg1 Nf7 49. Qc8+ Kg7 50. Re8 Rc2 51. Qg4+ Qxg4 52. hxg4 Rxc4 53. Bf3 Kf6 54. Kf2 Rd4 55. Kg3 c4 56. Re6+ Kg7 57. Re7 Rd3 58. Kf2 Kf6 59. Rxc7 Ng5 60. Be2 Nh3+ 61. Kf1 Rxd5 62. Bxc4 Rd2 63. Ke1 Rd4 64. Be2 Kg5 65. Rf7 Nf4 66. Rf5+ Kh4 67. g5 Nxe2 68. Kxe2 Kg4 69. Rf8 Kxg5 70. Ke3 Kg6 71. Rf1 d5 72. Rf8 Ra4 73. Rd8 Ra3+ 74. Ke2 d4 75. Rf8 Kg5 76. Kd2 Kg4 77. Ke2 Re3+ 78. Kf2 Re4 79. Rg8+ Kf5 80. Rf8+ Ke6 81. Rd8 Re3 82. Ra8 Rb3 83. Rd8 Kf5 84. Rh8 Rb2+ 85. Ke1 Ke4 86. Rh3 Ra2 87. Kd1 d3 88. Rh4+ Ke3 89. Rh3+ Kd4 90. Rh8 e4 91. Kc1 Rg2 92. Kd1 Rg1+ 0-1

[Event "Albena Masters op"]
[Site "Albena"]
[Date "2014.06.01"]
[Round "1"]
[White "Kravtsiv, Martyn"]
[Black "Kirjakov, Toma"]
[Result "1-0"]
[WhiteElo "2587"]
[BlackElo "2216"]
[PlyCount "65"]
[EventDate "2014.06.01"]
[EventType "swiss"]
[EventRounds "9"]
[EventCountry "BUL"]
[SourceTitle "CBM 160 Extra"]
[Source "ChessBase"]
[SourceDate "2014.07.01"]
[SourceVersion "1"]
[SourceVersionDate "2014.07.01"]
[SourceQuality "1"]

1. e4 c5 2. Nf3 e6 3. d4 cxd4 4. Nxd4 a6 5. Be2 Qc7 6. 0-0 Nf6 7. Nc3 b5 8. e5 b4 9. Ncb5 axb5 10. exf6 gxf6 11. Nxb5 Qe5 12. Re1 Nc6 13. Bf1 Qb8 14. c4 bxc3 15. bxc3 Ba6 16. c4 Ne5 17. Bf4 Bc5 18. Qh5 Qb6 19. Bxe5 Bxf2+ 20. Kh1 Bxb5 21. Bxf6 Bxe1 22. Rxe1 Qf2 23. Bh4 Qd4 24. cxb5 Rxa2 25. Qg5 f6 26. Qxf6 Qxf6 27. Bxf6 0-0 28. Be5 Rd2 29. Kg1 d6 30. Bc3 Rc2 31. Bb4 Rd8 32. Rxe6 Rc1 33. Re1 1-0

[Event "BUL-chT GpA 63rd"]
[Site "Sunny Beach"]
[Date "2013.09.23"]
[Round "5.5"]
[White "Kirjakov, Toma"]
[Black "Enchev, Ivajlo"]
[Result "0-1"]
[WhiteElo "2223"]
[BlackElo "2445"]
[PlyCount "52"]
[EventDate "2013.09.19"]
[EventType "team-tourn"]
[EventRounds "7"]
[EventCountry "BUL"]
[SourceTitle "CBM 156 Extra"]
[Source "ChessBase"]
[SourceDate "2013.10.22"]
[SourceVersion "1"]
[SourceVersionDate "2013.10.22"]
[SourceQuality "1"]
[WhiteTeam "Dobrich Energiya 21"]
[BlackTeam "Razgrad Abritus"]
[WhiteTeamCountry "BUL"]
[BlackTeamCountry "BUL"]

1. e4 e5 2. Nf3 Nc6 3. Bc4 Bc5 4. d3 Nf6 5. c3 a6 6. Bb3 0-0 7. 0-0 Ba7 8. Re1 d6 9. h3 h6 10. Nbd2 Nh5 11. Nf1 Qf6 12. Ne3 Nf4 13. Nd5 Nxd5 14. Bxd5 Qg6 15. Kf1 Ne7 16. Bb3 Kh8 17. g4 f5 18. exf5 Nxf5 19. Kg2 Ne7 20. Re4 Bd7 21. Be3 Bc6 22. Bxa7 Bxe4 23. dxe4 Rxa7 24. Qe2 Qf6 25. Qe3 Ng6 26. h4 Qxf3+ 0-1

[Event "BUL-chT GpA 63rd"]
[Site "Sunny Beach"]
[Date "2013.09.22"]
[Round "4.5"]
[White "Mladenov, Plamen"]
[Black "Kirjakov, Toma"]
[Result "1/2-1/2"]
[WhiteElo "2390"]
[BlackElo "2223"]
[PlyCount "100"]
[EventDate "2013.09.19"]
[EventType "team-tourn"]
[EventRounds "7"]
[EventCountry "BUL"]
[SourceTitle "CBM 156 Extra"]
[Source "ChessBase"]
[SourceDate "2013.10.22"]
[SourceVersion "1"]
[SourceVersionDate "2013.10.22"]
[SourceQuality "1"]
[WhiteTeam "Dupnitsa Marek Union"]
[BlackTeam "Dobrich Energiya 21"]
[WhiteTeamCountry "BUL"]
[BlackTeamCountry "BUL"]

1. e4 c5 2. Nf3 e6 3. b3 b6 4. Bb2 Bb7 5. Qe2 Nf6 6. Nc3 d5 7. exd5 Nxd5 8. Nxd5 Qxd5 9. Qe3 Qe4 10. Bb5+ Ke7 11. 0-0-0 Qxe3 12. fxe3 f6 13. d4 Ba6 14. a4 Bxb5 15. axb5 Kf7 16. Rhf1 Bd6 17. e4 Bf4+ 18. Kb1 cxd4 19. Rxd4 Be3 20. Rd3 Bc5 21. e5 f5 22. g4 g6 23. gxf5 gxf5 24. Ng5+ Ke7 25. Rd6 h6 26. Rxe6+ Kd7 27. Rd1+ Kc7 28. Nf3 a6 29. Rf6 axb5 30. Rf7+ Kc8 31. b4 Bxb4 32. Nd4 Rd8 33. Rg1 Nd7 34. Nxf5 Bc5 35. Rgg7 Ra4 36. c4 Rb4 37. e6 Ne5 38. Rc7+ Kb8 39. Rb7+ Ka8 40. Ra7+ Kb8 41. Rgb7+ Kc8 42. e7 Rg8 43. Ra8+ Kxb7 44. Rxg8 Bxe7 45. Nxe7 Nd3 46. Rg2 bxc4 47. Ka2 Ra4+ 48. Kb1 Rb4 49. Ka2 Ra4+ 50. Kb1 Rb4 1/2-1/2

[Event "BUL-chT-B 62nd"]
[Site "Sunny Beach"]
[Date "2012.09.23"]
[Round "5.5"]
[White "Avramov, Anton"]
[Black "Kirjakov, Toma"]
[Result "0-1"]
[WhiteElo "2188"]
[BlackElo "2199"]
[PlyCount "85"]
[EventDate "2012.09.19"]
[EventType "team-swiss"]
[EventRounds "7"]
[EventCountry "BUL"]
[SourceTitle "CBM 150 Extra"]
[Source "ChessBase"]
[SourceDate "2012.10.19"]
[SourceVersion "1"]
[SourceVersionDate "2012.10.19"]
[SourceQuality "1"]
[WhiteTeam "Shumen 2005"]
[BlackTeam "Dobrich Energiya 21"]
[WhiteTeamCountry "BUL"]
[BlackTeamCountry "BUL"]

1. d4 Nf6 2. c4 e6 3. Nf3 Bb4+ 4. Bd2 c5 5. Bxb4 cxb4 6. g3 0-0 7. Bg2 d6 8. 0-0 a5 9. a3 Na6 10. axb4 Nxb4 11. Nc3 b6 12. Qd2 Bb7 13. Qf4 Rc8 14. Nb5 Rxc4 15. Nxd6 Bxf3 16. Bxf3 Nfd5 17. Bxd5 Nxd5 18. Qe5 Rb4 19. Rac1 Qd7 20. Nc4 Rc8 21. Qd6 Qxd6 22. Nxd6 Rxc1 23. Rxc1 h6 24. Rc8+ Kh7 25. Nxf7 Rxb2 26. e4 Nf6 27. Rh8+ Kg6 28. Ne5+ Kh5 29. Nd3 Rb1+ 30. Kg2 Nxe4 31. Nf4+ Kg5 32. Rf8 Nf6 33. Nxe6+ Kg6 34. Nf4+ Kh7 35. f3 Rb2+ 36. Kh3 a4 37. Ra8 b5 38. Ra7 Rb3 39. Ne6 a3 40. f4 Kg6 41. Nxg7 Nd5 42. Kh4 Ne3 43. g4 0-1

[Event "BUL-chT-B 62nd"]
[Site "Sunny Beach"]
[Date "2012.09.22"]
[Round "4.5"]
[White "Kirjakov, Toma"]
[Black "Marholev, Dimitar"]
[Result "1-0"]
[WhiteElo "2199"]
[BlackElo "2340"]
[PlyCount "109"]
[EventDate "2012.09.19"]
[EventType "team-swiss"]
[EventRounds "7"]
[EventCountry "BUL"]
[SourceTitle "CBM 150 Extra"]
[Source "ChessBase"]
[SourceDate "2012.10.19"]
[SourceVersion "1"]
[SourceVersionDate "2012.10.19"]
[SourceQuality "1"]
[WhiteTeam "Dobrich Energiya 21"]
[BlackTeam "Dupnitsa Marek Union"]
[WhiteTeamCountry "BUL"]
[BlackTeamCountry "BUL"]

1. c4 g6 2. e3 Bg7 3. Nf3 d6 4. Nc3 Nf6 5. a3 0-0 6. Be2 e5 7. d4 e4 8. Nd2 Re8 9. b4 h5 10. h3 c5 11. Nb3 cxd4 12. Nxd4 a6 13. Bb2 Nc6 14. Nxc6 bxc6 15. Qd2 d5 16. Na4 Be6 17. Nc5 Qc8 18. Nxe6 Qxe6 19. cxd5 cxd5 20. 0-0 Red8 21. Rfc1 Ne8 22. Rc5 Bxb2 23. Qxb2 Ng7 24. Rac1 Nf5 25. Rc6 Rd6 26. Rxd6 Qxd6 27. Qc2 Rd8 28. Qc7 d4 29. exd4 Qxc7 30. Rxc7 Rxd4 31. Bxa6 Rd1+ 32. Kh2 h4 33. Rc4 e3 34. fxe3 g5 35. Rc5 Ng3 36. Rxg5+ Kf8 37. Rxg3 hxg3+ 38. Kxg3 Ra1 39. Kf3 Rxa3 40. Bf1 Ke7 41. b5 Ra4 42. g4 Rb4 43. h4 f5 44. gxf5 Rxh4 45. e4 Kd6 46. b6 Kc6 47. f6 Kxb6 48. Kg3 Rh8 49. Kf4 Kc6 50. Ke5 Re8+ 51. Kf5 Kd6 52. f7 Rb8 53. Kf6 Kd7 54. Bh3+ Kd6 55. e5+ 1-0

[Event "Albena Intelekti op"]
[Site "Albena"]
[Date "2012.06.22"]
[Round "6"]
[White "Kirjakov, Toma"]
[Black "Arnaudov, Petar"]
[Result "1/2-1/2"]
[WhiteElo "2170"]
[BlackElo "2154"]
[PlyCount "133"]
[EventDate "2012.06.17"]
[EventType "swiss"]
[EventRounds "9"]
[EventCountry "BUL"]
[SourceTitle "EXT 2014"]
[Source "ChessBase"]
[SourceDate "2013.11.20"]
[SourceVersion "1"]
[SourceVersionDate "2013.11.20"]
[SourceQuality "1"]

1. e4 c5 2. Nf3 g6 3. d4 Bg7 4. dxc5 Nf6 5. Bd3 Qa5+ 6. c3 Qxc5 7. Na3 0-0 8. Nb5 Ng4 9. 0-0 a6 10. Nbd4 Nc6 11. h3 Nge5 12. Nxe5 Nxe5 13. Be2 d6 14. Nf3 Nc4 15. Qd3 b5 16. b3 Ne5 17. Nxe5 Qxe5 18. Bd2 Bb7 19. Bf3 Rfc8 20. Rac1 Rc7 21. c4 bxc4 22. Rxc4 Rxc4 23. Qxc4 Rc8 24. Qb4 Qb5 25. Qxb5 axb5 26. Rc1 Rxc1+ 27. Bxc1 b4 28. Kf1 Bd4 29. Bd2 Bc5 30. e5 d5 31. Be3 d4 32. Bh6 Ba6+ 33. Ke1 e6 34. Kd2 f5 35. Be2 Bb7 36. Bc4 Kf7 37. f3 Be7 38. Bf4 g5 39. Bg3 h5 40. Kd3 h4 41. Bf2 g4 42. Kxd4 gxh3 43. gxh3 Bxf3 44. Bf1 Kg6 45. Ke3 Be4 46. Be1 Kg5 47. Bc4 Bg2 48. Bxe6 Bxh3 49. Bd5 Bc5+ 50. Kf3 Bg4+ 51. Kg2 f4 52. e6 h3+ 53. Kf1 Bf5 54. Bf2 Be7 55. Bb6 Kg4 56. Kf2 Bh4+ 57. Kg1 f3 58. Bc5 Bd3 59. e7 f2+ 60. Bxf2 Bxe7 61. Be6+ Bf5 62. Bxf5+ Kxf5 63. Be1 Kg4 64. Kh1 Bc5 65. Bd2 Bd6 66. Be1 Kf3 67. Bd2 1/2-1/2

[Event "BUL-chT2"]
[Site "Albena"]
[Date "2011.06.08"]
[Round "9.5"]
[White "Ivelinov, Hristo"]
[Black "Kirjakov, Toma"]
[Result "1-0"]
[WhiteElo "2236"]
[BlackElo "2182"]
[PlyCount "94"]
[EventDate "2011.06.02"]
[EventType "team-tourn"]
[EventRounds "9"]
[EventCountry "BUL"]
[SourceTitle "CBM 142 Extra"]
[Source "ChessBase"]
[SourceDate "2011.06.27"]
[SourceVersion "1"]
[SourceVersionDate "2011.06.27"]
[SourceQuality "1"]
[WhiteTeam "Jambol Tundja"]
[BlackTeam "Dobrich Energiya 21"]
[WhiteTeamCountry "BUL"]
[BlackTeamCountry "BUL"]

1. b3 c5 2. e4 e6 3. Bb2 b6 4. g3 Bb7 5. Bg2 Nf6 6. d3 d5 7. Nd2 Be7 8. Ne2 Nc6 9. 0-0 Qc7 10. exd5 exd5 11. Nf4 d4 12. Ne4 0-0 13. Nxf6+ Bxf6 14. Nd5 Qd6 15. Bc1 Rfe8 16. Nxf6+ Qxf6 17. Re1 Na5 18. Bxb7 Nxb7 19. Bf4 Na5 20. Qd2 h6 21. Rxe8+ Rxe8 22. Re1 Re6 23. h4 Nc6 24. Rxe6 fxe6 25. Qe2 Qf5 26. a3 e5 27. Bd2 Kf7 28. Kg2 Ke6 29. Qf3 Qxf3+ 30. Kxf3 Ne7 31. Ke4 Nf5 32. Kf3 h5 33. g4 hxg4+ 34. Kxg4 g6 35. Kg5 b5 36. Ba5 c4 37. bxc4 bxc4 38. dxc4 e4 39. Be1 d3 40. cxd3 exd3 41. f4 Nd6 42. Kxg6 Nxc4 43. h5 Nb6 44. h6 Nd7 45. h7 Nf8+ 46. Kg7 Nxh7 47. Kxh7 Kf5 1-0

[Event "BUL-chT2"]
[Site "Albena"]
[Date "2011.06.05"]
[Round "6.2"]
[White "Vutov, M Mario"]
[Black "Kirjakov, Toma"]
[Result "1-0"]
[WhiteElo "2342"]
[BlackElo "2182"]
[PlyCount "75"]
[EventDate "2011.06.02"]
[EventType "team-tourn"]
[EventRounds "9"]
[EventCountry "BUL"]
[SourceTitle "CBM 142 Extra"]
[Source "ChessBase"]
[SourceDate "2011.06.27"]
[SourceVersion "1"]
[SourceVersionDate "2011.06.27"]
[SourceQuality "1"]
[WhiteTeam "Blagoevgrad Victory"]
[BlackTeam "Dobrich Energiya 21"]
[WhiteTeamCountry "BUL"]
[BlackTeamCountry "BUL"]

1. e4 c5 2. Nf3 e6 3. d4 cxd4 4. Nxd4 a6 5. Bd3 Qc7 6. 0-0 Nf6 7. c4 d6 8. Nc3 Be7 9. b3 b5 10. Bb2 bxc4 11. Bxc4 Nc6 12. Rc1 Nxd4 13. Qxd4 0-0 14. Na4 Qb7 15. Rfe1 Rb8 16. e5 dxe5 17. Qxe5 Rd8 18. Bxa6 Qb4 19. Bxc8 Rbxc8 20. h3 Qd2 21. Rxc8 Rxc8 22. Qe2 Qg5 23. Nb6 Re8 24. Rd1 Qa5 25. Bxf6 Bxf6 26. Nc4 Qa7 27. a4 Bd4 28. Nd6 Rd8 29. Nb5 Bxf2+ 30. Kf1 Rxd1+ 31. Qxd1 Qb6 32. Qd6 Qxd6 33. Nxd6 Bc5 34. Nb7 Ba7 35. Na5 Kf8 36. Nc6 Be3 37. Ke2 Bg1 38. a5 1-0

[Event "BUL-chT2"]
[Site "Albena"]
[Date "2011.06.03"]
[Round "2.4"]
[White "Genov, Petko"]
[Black "Kirjakov, Toma"]
[Result "1/2-1/2"]
[WhiteElo "2321"]
[BlackElo "2182"]
[PlyCount "64"]
[EventDate "2011.06.02"]
[EventType "team-tourn"]
[EventRounds "9"]
[EventCountry "BUL"]
[SourceTitle "CBM 142 Extra"]
[Source "ChessBase"]
[SourceDate "2011.06.27"]
[SourceVersion "1"]
[SourceVersionDate "2011.06.27"]
[SourceQuality "1"]
[WhiteTeam "Vratsa"]
[BlackTeam "Dobrich Energiya 21"]
[WhiteTeamCountry "BUL"]
[BlackTeamCountry "BUL"]

1. d4 Nf6 2. c4 e6 3. Nf3 Bb4+ 4. Bd2 c5 5. g3 0-0 6. Bg2 Bxd2+ 7. Qxd2 d6 8. Nc3 Nc6 9. 0-0 Qe7 10. Rad1 Rd8 11. e3 b6 12. Nh4 Bb7 13. d5 Ne5 14. Qe2 exd5 15. Nxd5 Nxd5 16. Bxd5 Bxd5 17. Rxd5 g6 18. Rfd1 a6 19. Nf3 Nc6 20. a3 Na5 21. b4 cxb4 22. axb4 Nb7 23. Nd4 Qc7 24. b5 Na5 25. Rc1 axb5 26. Nxb5 Qc6 27. Qd3 Nb7 28. Rd1 Ra4 29. Nxd6 Nxd6 30. Rxd6 Rxd6 31. Qxd6 Qxd6 32. Rxd6 Rxc4 1/2-1/2

[Event "BUL-chT2"]
[Site "Albena"]
[Date "2011.06.02"]
[Round "1.2"]
[White "Kirjakov, Toma"]
[Black "Dimitrov, Atanas Valtchev"]
[Result "1/2-1/2"]
[WhiteElo "2182"]
[BlackElo "2352"]
[PlyCount "66"]
[EventDate "2011.06.02"]
[EventType "team-tourn"]
[EventRounds "9"]
[EventCountry "BUL"]
[SourceTitle "CBM 142 Extra"]
[Source "ChessBase"]
[SourceDate "2011.06.27"]
[SourceVersion "1"]
[SourceVersionDate "2011.06.27"]
[SourceQuality "1"]
[WhiteTeam "Dobrich Energiya 21"]
[BlackTeam "Shumen 2005"]
[WhiteTeamCountry "BUL"]
[BlackTeamCountry "BUL"]

1. e4 d6 2. d4 Nf6 3. Nc3 c6 4. Be3 Ng4 5. Bg5 Qb6 6. b3 h6 7. Bc1 e5 8. Nf3 exd4 9. Qxd4 Be7 10. Qxb6 axb6 11. h3 Nf6 12. Bb2 b5 13. Bd3 0-0 14. 0-0 Na6 15. a4 b4 16. Na2 d5 17. exd5 Nxd5 18. Rfe1 Nac7 19. Be5 Re8 20. Nd4 Bc5 21. Nf5 Bxf5 22. Bxf5 g6 23. Bd3 Rxe5 24. Rxe5 Bd4 25. Rxd5 Nxd5 26. Rd1 Bc5 27. Be4 Nf6 28. Bf3 Re8 29. Nc1 Kg7 30. Nd3 Bf8 31. Kf1 h5 32. Nb2 Bc5 33. Nc4 Re7 1/2-1/2

[Event "BUL-chT-B 60th"]
[Site "Albena"]
[Date "2010.05.31"]
[Round "7.2"]
[White "Stanoev, Atanas"]
[Black "Kirjakov, Toma"]
[Result "0-1"]
[WhiteElo "2222"]
[BlackElo "2139"]
[PlyCount "78"]
[EventDate "2010.05.27"]
[EventType "team-tourn"]
[EventRounds "9"]
[EventCountry "BUL"]
[SourceTitle "CBM 136 Extra"]
[Source "ChessBase"]
[SourceDate "2010.07.02"]
[SourceVersion "2"]
[SourceVersionDate "2010.07.15"]
[SourceQuality "1"]
[WhiteTeam "Blagoevgrad Victory"]
[BlackTeam "Dobrich Energiya 21"]
[WhiteTeamCountry "BUL"]
[BlackTeamCountry "BUL"]

1. d4 Nf6 2. c4 e6 3. Nf3 Bb4+ 4. Bd2 c5 5. dxc5 Bxc5 6. Nc3 a6 7. a3 Be7 8. Bf4 d6 9. h3 0-0 10. e3 b6 11. Be2 Bb7 12. 0-0 Qc7 13. b4 Nbd7 14. Qb3 Rac8 15. Rfc1 Qb8 16. a4 Qa8 17. a5 d5 18. axb6 dxc4 19. Bxc4 Bxf3 20. gxf3 Qxf3 21. Bf1 Nxb6 22. Bxa6 Rxc3 23. Qxc3 Nbd5 24. Qc6 Ne4 25. Qc2 Bh4 26. Rf1 Nxf4 27. exf4 Qxf4 28. Bb7 Nd2 29. Rfd1 Bxf2+ 30. Kh1 Qg3 31. Ra3 Qxa3 32. Bg2 Be3 33. b5 Qb4 34. Qc6 g6 35. Re1 Nf3 36. Rd1 Nh4 37. Be4 Nf5 38. Bf3 Qh4 39. Bg2 Qg3 0-1

[Event "BUL-chT-B 60th"]
[Site "Albena"]
[Date "2010.05.28"]
[Round "3.4"]
[White "Kirjakov, Toma"]
[Black "Dimov, Dian"]
[Result "1/2-1/2"]
[WhiteElo "2139"]
[BlackElo "2301"]
[PlyCount "67"]
[EventDate "2010.05.27"]
[EventType "team-tourn"]
[EventRounds "9"]
[EventCountry "BUL"]
[SourceTitle "CBM 136 Extra"]
[Source "ChessBase"]
[SourceDate "2010.07.02"]
[SourceVersion "2"]
[SourceVersionDate "2010.07.15"]
[SourceQuality "1"]
[WhiteTeam "Dobrich Energiya 21"]
[BlackTeam "Abritus"]
[WhiteTeamCountry "BUL"]
[BlackTeamCountry "BUL"]

1. c4 c5 2. e3 Nf6 3. a3 e6 4. Nf3 b6 5. Be2 Bb7 6. 0-0 Be7 7. Nc3 0-0 8. b3 d5 9. cxd5 exd5 10. d4 Nbd7 11. Bb2 Rc8 12. dxc5 bxc5 13. b4 cxb4 14. axb4 Bxb4 15. Rxa7 Bxc3 16. Bxc3 Rxc3 17. Rxb7 Nc5 18. Rb1 Nce4 19. Qd4 Qc7 20. h3 h6 21. Bd3 Rc8 22. Ra1 Qc5 23. Qxc5 R3xc5 24. Ra7 g6 25. Ne5 R8c7 26. Rxc7 Rxc7 27. Bxe4 dxe4 28. Ng4 Nxg4 29. hxg4 Kg7 30. Kh2 Kf6 31. Kg3 Kg5 32. Rb1 h5 33. gxh5 gxh5 34. Rb5+ 1/2-1/2